000 01462nam a22003617a 4500
003 BJBSDDR
005 20260429122313.0
007 ta
008 260424s2021 nyu||||| |||| 00| 0 eng d
020 _a9780744029253 (hardcover)
020 _a0744029252 (hardcover)
040 _beng
_cDLC
041 _aeng
050 1 4 _aQB 44.3
_bS612 2021
245 0 0 _aSimply astronomy /
_ccontributors, Abigail Beall, Philip Eales, Anton Vamplew.
246 3 0 _aAstronomy
246 1 _iAt head of title:
_aDK
250 _aFirst American edition
260 _aNew York, NY :
_bDK Publishing,
_c2021
300 _a160 pages :
_billustrations (chiefly color) ;
_c22 cm.
490 1 _aSimply
500 _aIncludes index.
505 0 _aWhat is astronomy? The universe The solar system Stars and galaxies Observing the night sky The constellations
520 _aGrasping astronomy has never been easier, whether you are a complete beginner, or simply want a jargon-free reference to astronomy and stargazing, this essential guide is packed with everything you need to understand the basics quickly and easily
650 4 _aAstronomía
_96080
_vTrabajos populares
700 1 _aBeall, Abigail
_942164
_econtributor
700 1 _aEales, Philip
_942165
_econtributor
700 1 _aVamplew, Anton
_948144
_econtributor
710 1 _aDK Publishing, Inc.
_925656
830 0 _aSimply (DK Publishing, Inc.)
_944649
942 _2lcc
_cBK
946 _icmc
999 _c126929
_d126929